1564 1722 1962 1211 1780 1058 1932 1791 1361 1179 1498 1733 1763 1037 1788 1104 1803 1336 1927 1869 1049 1516 1392 1062 1078 1351 1156 1022 1316 1370 1663 1455 1300 1229 1340 1932 1025 1370 1756 1169 1675 1410 1606 1751 1493 1025 1594 1621 1272 1120 1948 1001 1500 1389 1805 1089 1080 1310 1934 1609 1180 1581 1115 1669 1051 1999 1841 1973 1371 1596 1922 1655 1186 1689 1026 1546 1932 1982 1329 1434 1439 1380 1431 1620 1715 1979 1902 1638 1599 1207 1624 1832 1880 1602 1464 1589 1468 1182 1322 BCNSPRNW ULIB Ver.6.0+V

เปลี่ยนเป็นภาษาไทย

Change to English
 แสดงรายละเอียดบรรณานุกรม
  กลับหน้าหลัก

Brief Record : Get Marc (ISO 2709) : E-mail record : QR code < ปิดหน้าต่าง
LEADER : 00000nam 2200000uu 4500
001    13399109328
003     ULIB
008    110329s2544||||th 000 0 tha d
020    9743640029
060 04 WA590^bอ267ก 2544
100 0  อภิวันท์ แก้ววรรณรัตน์
245 10 การเขียนแผนการให้ความรู้ทางสุขภาพ /^cอภิวันท์แก้ววรรณรัตน์
250    พิมพ์ครั้งที่ 1
260    ชลบุรี :^bชลบุรีการพิมพ์,^c2544
300    124 หน้า :^bภาพประกอบ ;^c30 ซม.
650  7 การเขียน
650  7 สุขภาพ^xการศึกษาและการสอน
945    ^p180^l0^i018862
995    ทศพร
999 ^a ใช้งานได้ทุกระบบ
รายการนี้ยังไม่มีแท็ก
คุณยังไม่ได้ล็อกอิน คุณสามารถมีกิจกรรมร่วมกับเว็บไซต์ได้ แต่ต้องล็อกอินก่อน ::
  ล็อกอิน

รายการสื่อสารสนเทศ

ลำดับที่ ประเภท เลขเรียก/บาร์โค้ด สถานที่ สถานะ
- ไม่พบข้อมูล -

รายการใกล้เคียง
    ผู้แต่ง [อภิวันท์ แก้ววรรณรัตน์]

    หัวเรื่อง [การเขียน]

BibComment


ยังไม่เคยถูกคอมเมนท์

คอมเมนท์ทรัพยากรรายการนี้
  คอมเมนท์: การเขียนแผนการให้..


 Copyright 2026. Bcnsprnw @Library